000 00361nam a22001337a 4500
020 _a9780070601178
082 _222
_a658.404
100 _aCooke, Helen S. and Take Karen.
245 _aProject management "36 hour course " /
250 _aNA
260 _aNew Delhi
_bTata McGrew Hill,
_cc2008.
300 _axiii, E-15 P . ;
_bIll. ;
_c23 cm.
942 _2ddc
_cMAG
_01
999 _c819
_d819